000 00333nam a2200109 a 4500
005 20140408090006.0
008 030602s19uu xx 00 eng d
050 _aPGS '98
_bTAN #30
100 _aTan, Jefferson James F.
245 _aThe Effects of video games to the academic performance of SIS First Year high school.
942 _cPASS
999 _c96109
_d96109